Statistics for Fast Decimal to Binary Conversion

Click here to take the quiz!

General Stats

  • This quiz has been taken 28,707 times
  • The average score is 12 of 20

Answer Stats

DecimalBinary% Correct
11
84%
210
78%
311
76%
4100
72%
81000
69%
5101
69%
6110
68%
7111
67%
91001
66%
101010
65%
1610000
61%
121100
61%
111011
60%
141110
58%
1710001
57%
2010100
56%
131101
56%
151111
56%
1810010
55%
1910011
53%
32100000
52%
2110101
52%
2411000
49%
33100001
48%
2210110
48%
3111111
48%
35100011
46%
2310111
46%
2511001
46%
34100010
45%
36100100
45%
41101001
44%
50110010
44%
2611010
44%
2911101
44%
37100101
43%
48110000
43%
2811100
43%
63111111
43%
38100110
42%
51110011
41%
3011110
41%
40101000
40%
44101100
40%
2711011
40%
62111110
40%
39100111
39%
60111100
39%
47101111
38%
52110100
38%
42101010
37%
58111010
37%
46101110
36%
43101011
35%
49110001
34%
53110101
34%
54110110
34%
45101101
33%
55110111
33%
59111011
33%
61111101
32%
56111000
31%
57111001
30%

Score Distribution

Percentile by Number Answered

Percent of People with Each Score

Your Score History

You have not taken this quiz